Construction technology 2 (Record no. 115824)

MARC details
000 -LEADER
fixed length control field 01110cam a2200301 4500
001 - CONTROL NUMBER
control field L159347
008 - FIXED-LENGTH DATA ELEMENTS--GENERAL INFORMATION
fixed length control field 161007n2014 000 0 eng u
020 ## - INTERNATIONAL STANDARD BOOK NUMBER
International Standard Book Number 9781137371690
035 ## - SYSTEM CONTROL NUMBER
System control number (Sirsi) u159348
041 ## - LANGUAGE CODE
Language code of text/sound track or separate title eng
050 ## - LIBRARY OF CONGRESS CALL NUMBER
Classification number 690
-- 18
100 ## - MAIN ENTRY--PERSONAL NAME
Personal name Riley, Mike
245 ## - TITLE STATEMENT
Title Construction technology 2
Remainder of title industrial and commercial building
260 ## - PUBLICATION, DISTRIBUTION, ETC.
Place of publication, distribution, etc. Basingstoke
Name of publisher, distributor, etc. Palgrave Macmillan
Date of publication, distribution, etc. 2014
300 ## - PHYSICAL DESCRIPTION
Extent vii, 427p.
Dimensions 25cm.
490 ## - SERIES STATEMENT
Series statement Construction Technology 2
520 ## - SUMMARY, ETC.
Summary, etc. Considers the functions and requirements of industrial and commercial buildings, the building process and preparations for building and elements of building substructure and superstructure. Concludes with a discussion on building life cycle and refurbishment issues.
520 ## - SUMMARY, ETC.
Summary, etc. Supersedes 2 ed ISBN 0333804821
590 ## - LOCAL NOTE (RLIN)
Local note KA
650 ## - SUBJECT ADDED ENTRY--TOPICAL TERM
Topical term or geographic name entry element CONSTRUCTION TECHNOLOGY
650 ## - SUBJECT ADDED ENTRY--TOPICAL TERM
Topical term or geographic name entry element INDUSTRIAL BUILDINGS
650 ## - SUBJECT ADDED ENTRY--TOPICAL TERM
Topical term or geographic name entry element BUILDING STRUCTURES
650 24 - SUBJECT ADDED ENTRY--TOPICAL TERM
Topical term or geographic name entry element COMMERCIAL BUILDINGS
651 #4 - SUBJECT ADDED ENTRY--GEOGRAPHIC NAME
Geographic name England and Wales
Chronological subdivision 1543-
690 ## - LOCAL SUBJECT ADDED ENTRY--TOPICAL TERM (OCLC, RLIN)
Topical term or geographic name as entry element Construction management
9 (RLIN) 6230
700 ## - ADDED ENTRY--PERSONAL NAME
Personal name Cotgrave, Alison
942 ## - ADDED ENTRY ELEMENTS (KOHA)
Suppress in OPAC 0
Holdings
Withdrawn status Lost status Source of classification or shelving scheme Damaged status Not for loan Home library Current library Shelving location Date acquired Total Checkouts Full call number Barcode Date last seen Copy number Price effective from Koha item type
    Dewey Decimal Classification     London London Books 07/10/2016   690 RIL 30078314 06/08/2019 1 06/08/2019 Book